002630000a220007300045001000022000002450093000223000051001157730023001661 aBarrera R., Pablo10aReligiosidad y resistencia andina : La fe de los paganos. Reflexiones a la luz de Mateo aVol. 12, Num. 1 (Junio, 1992), Páginas 26-430 tVida y pensamiento